| 000 | 00378nam a22001577a 4500 | ||
|---|---|---|---|
| 003 | CEME | ||
| 005 | 20210628201956.0 | ||
| 008 | 210416b xxu||||| |||| 00| 0 eng d | ||
| 040 | _c. | ||
| 082 | _a537.1 BEN'E | ||
| 100 |
_aBenson, F. A ,Harrison, D _957683 |
||
| 245 | _aElectricity circuit theory | ||
| 260 |
_aLONDON _bELBS _c 1965 |
||
| 300 | _a402P | ||
| 942 |
_cBK _2ddc |
||
| 999 |
_c567955 _d567955 |
||